| 000 | 00737nam a22002417a 4500 | ||
|---|---|---|---|
| 005 | 20220429091422.0 | ||
| 008 | 220429b ||||| |||| 00| 0 eng d | ||
| 020 | _a9788190040754 | ||
| 040 | _cAloy | ||
| 041 | _aeng | ||
| 082 |
_223 _a954.092 _bBARM |
||
| 100 |
_aSurjit Singh Barnala _932784 |
||
| 245 | _aMy other two daughters | ||
| 260 |
_aNew Delhi _bVetri Publishers _c2008 |
||
| 300 |
_aviii,118p. _bPB _c21x14cm |
||
| 365 | _2History | ||
| 520 | _aSurjit Singh Barnala, b. 1925, former chief minister of Punjab and governor of Tamil Nadu, India. | ||
| 650 |
_aBiography _932780 |
||
| 650 |
_aFather and daughters _932781 |
||
| 650 |
_aPoliticians _932782 |
||
| 700 |
_aBARNALA (Surjit Singh) _932783 |
||
| 942 |
_2ddc _cGF |
||
| 999 |
_c222714 _d222714 |
||